000 00357nam a22001457a 4500
003 1
005 20241212134236.0
008 241212b xxu||||| |||| 00| 0 eng d
020 _a9781338627497
100 _aThomas King
245 _aCoyote tales/
_cKing, Thomas
260 _aUSA:
_bScholastic, Inc.;
_c2017.
300 _a59 pp.
_c190cm.
942 _2ddc
_cBK
999 _c366816
_d366816